The little mermaid

Bibliographic Details
Format: Book
Published: Kuala Lumpur : Penerbit Arowana Sdn Bhd , 19--?
Series:Classic fairy tales series
Subjects:

MARC

LEADER 00000cam a2200000 7i4500
001 0000058734
005 20020722.0
020 |a 9831721004 
090 0 0 |a JF   |b LIT 
245 0 4 |a The little mermaid   |c retold by Suzee Leong 
260 |a Kuala Lumpur :   |b Penerbit Arowana Sdn Bhd ,   |c 19--? 
300 |a 16p. :   |b ill. ;   |c 30cm. 
490 0 |a Classic fairy tales series 
650 0 0 |a Children's stories 
999 |a 143188   |b BUKU   |c PINJAMAN   |e PERPUSTAKAAN KOMUNITI PETALING JAYA 
999 |a 143189   |b BUKU   |c PINJAMAN   |e PERPUSTAKAAN KOMUNITI PETALING JAYA 
999 |a 143190   |b BUKU   |c PINJAMAN   |e PERPUSTAKAAN KOMUNITI PETALING JAYA